Избранное для фортепиано (Запись № 10556543)

Подробности
000 -МАРКЕР
контрольное поле 03513ncm0a2200553 4500
001 - ИДЕНТИФИКАТОР ЗАПИСИ
контрольное поле RU\NLR\ONIZ\211994
005 - ИДЕНТИФИКАТОР ВЕРСИИ
контрольное поле 20250624195617.0
013 ## - МЕЖДУНАРОДНЫЙ СТАНДАРТНЫЙ НОМЕР ИЗДАНИЯ МУЗЫКАЛЬНОГО ПРОИЗВЕДЕНИЯ (ISMN)
Номер (ISMN) 979-0-706363-42-4
021 ## - НОМЕР ГОСУДАРСТВЕННОЙ РЕГИСТРАЦИИ
Код страны российская федерация
Номер 10-525н
Номер Листа государственной регистраци 10-44н
035 ## - ДРУГИЕ СИСТЕМНЫЕ НОМЕРА
Идентификатор записи RU\NLR\ONIZ\GALA\5000024891\20150617141250
035 ## - ДРУГИЕ СИСТЕМНЫЕ НОМЕРА
Идентификатор записи (NLR Aleph) 010891537
071 20 - ИЗДАТЕЛЬСКИЙ НОМЕР
Номер, присвоенный агентством 068
100 ## - ДАННЫЕ ОБЩЕЙ ОБРАБОТКИ
Данные общей обработки 20150617d2009 |||y0rusy50 ca
101 0# - ЯЗЫК РЕСУРСА
Язык текста, звукозаписи и т.д. русский
102 ## - СТРАНА ПУБЛИКАЦИИ ИЛИ ПРОИЗВОДСТВА
Страна публикации российская федерация
125 ## - ПОЛЕ КОДИРОВАННЫХ ДАННЫХ: ЗВУКОЗАПИСИ И НОТНЫЕ ИЗДАНИЯ
Форма изложения нотного текста ax
200 1# - ЗАГЛАВИЕ И СВЕДЕНИЯ ОБ ОТВЕТСТВЕННОСТИ
Основное заглавие Избранное для фортепиано
Общее обозначение материала Ноты
210 ## - ПУБЛИКАЦИЯ, РАСПРОСТРАНЕНИЕ И ДР.
Место издания, распространения и т.д. Москва
Имя издателя, распространителя и т. д. Кифара
Дата издания, распространения и т.д. 2009
215 ## - ФИЗИЧЕСКАЯ ХАРАКТЕРИСТИКА
Специфическое обозначение материала и объем 78 с.
Размеры 29 см
327 1# - ПРИМЕЧАНИЯ О СОДЕРЖАНИИ
Текст примечания 1. Песня без слов : соч. 2 № 3;
-- 2. Романс : соч. 5;
-- 3. Юмореска : соч. 10 № 2;
-- 4. Ноктюрн : соч. 19 № 4;
-- 5. Грустная песенка : соч. 40 № 2;
-- 6. Песенка без слов : соч. 40 № 6;
-- 7. В деревне : соч. 40 № 7;
-- 8. Вальс : соч. 40 № 9;
-- 9. Русская пляска : соч. 40 № 10;
-- 10. Ната-вальс : соч. 51 № 4;
-- 11. Сентиментальный вальс : соч. 51 № 6;
-- 12. Нежные упрёки : соч. 72 № 3;
-- 13. Раздумье : соч. 72 № 5;
-- 14. Вальс-безделушка : соч. 72 № 11;
-- 15. Шалунья : соч. 72 № 12
464 #0 - АНАЛИТИЧЕСКИЙ УРОВЕНЬ
Встроенное поле 2001#$aПесня без слов$eсоч. 2 № 3
-- 215##$aС.3-6
Заглавие Песня без слов
464 #0 - АНАЛИТИЧЕСКИЙ УРОВЕНЬ
Встроенное поле 2001#$aРоманс$eсоч. 5
-- 215##$aС.6-11
Заглавие Романс
464 #0 - АНАЛИТИЧЕСКИЙ УРОВЕНЬ
Встроенное поле 2001#$aЮмореска$eсоч. 10 № 2
-- 215##$aС.12-16
Заглавие Юмореска
464 #0 - АНАЛИТИЧЕСКИЙ УРОВЕНЬ
Встроенное поле 2001#$aНоктюрн$eсоч. 19 № 4
-- 215##$aС.17-20
Заглавие Ноктюрн
464 #0 - АНАЛИТИЧЕСКИЙ УРОВЕНЬ
Встроенное поле 2001#$aГрустная песенка$eсоч. 40 № 2
-- 215##$aС.21-23
Заглавие Грустная песенка
464 #0 - АНАЛИТИЧЕСКИЙ УРОВЕНЬ
Встроенное поле 2001#$aПесенка без слов$eсоч. 40 № 6
-- 215##$aС.23-27
Заглавие Песенка без слов
464 #0 - АНАЛИТИЧЕСКИЙ УРОВЕНЬ
Встроенное поле 2001#$aВ деревне$eсоч. 40 № 7
-- 215##$aС.27-33
Заглавие В деревне
464 #0 - АНАЛИТИЧЕСКИЙ УРОВЕНЬ
Встроенное поле 2001#$aВальс$eсоч. 40 № 9
-- 215##$aС.34-40
Заглавие Вальс
464 #0 - АНАЛИТИЧЕСКИЙ УРОВЕНЬ
Встроенное поле 2001#$aРусская пляска$eсоч. 40 № 10
-- 215##$aС.41-46
Заглавие Русская пляска
464 #0 - АНАЛИТИЧЕСКИЙ УРОВЕНЬ
Встроенное поле 2001#$aНата-вальс$eсоч. 51 № 4
-- 215##$aС.46-51
Заглавие Ната-вальс
464 #0 - АНАЛИТИЧЕСКИЙ УРОВЕНЬ
Встроенное поле 2001#$aСентиментальный вальс$eсоч. 51 № 6
-- 215##$aС.52-57
Заглавие Сентиментальный вальс
464 #0 - АНАЛИТИЧЕСКИЙ УРОВЕНЬ
Встроенное поле 2001#$aНежные упрёки$eсоч. 72 № 3
-- 215##$aС.58-61
Заглавие Нежные упрёки
464 #0 - АНАЛИТИЧЕСКИЙ УРОВЕНЬ
Встроенное поле 2001#$aРаздумье$eсоч. 72 № 5
-- 215##$aС.61-67
Заглавие Раздумье
464 #0 - АНАЛИТИЧЕСКИЙ УРОВЕНЬ
Встроенное поле 2001#$aВальс-безделушка$eсоч. 72 № 11
-- 215##$aС.68-74
Заглавие Вальс-безделушка
464 #0 - АНАЛИТИЧЕСКИЙ УРОВЕНЬ
Встроенное поле 2001#$aШалунья$eсоч. 72 № 12
-- 215##$aС.75-78
Заглавие Шалунья
606 1# - НАИМЕНОВАНИЕ ТЕМЫ КАК ПРЕДМЕТ
Наименование темы Пьесы для фортепиано
Географический подзаголовок Россия
Хронологический подзаголовок 19 век
Формальный подзаголовок Ноты
Код системы nlr_sh
686 ## - ИНДЕКСЫ ДРУГИХ КЛАССИФИКАЦИЙ
Индекс Щ954.2-058(28)я44
Издание LBC/SL
Код системы
700 #1 - ИМЯ ЛИЦА - ПЕРВИЧНАЯ ОТВЕТСТВЕННОСТЬ
Системный номер авторитетной/нормативной записи z01790
Начальный элемент ввода Чайковский
Часть имени, кроме начального элемента ввода П. И.
Даты 1840-1893
Расширение инициалов личного имени Петр Ильич
Код отношения Композитор
Графика поля Кириллица
790 #1 - ИМЯ ЛИЦА - АЛЬТЕРНАТИВНАЯ ФОРМА
Системный номер авторитетной/нормативной записи z01700
Начальный элемент ввода Chajkovskij
Часть имени, кроме начального элемента ввода P. I.
Даты 1840-1893
Расширение инициалов личного имени Pyotr Il`ich
Код отношения Композитор
Графика поля Латинская
801 #0 - ИСТОЧНИК ЗАПИСИ
Страна российская федерация
Организация NLR
Дата составления 20150617
Правила каталогизации PSBO
801 #1 - ИСТОЧНИК ЗАПИСИ
Страна российская федерация
Организация NLR
Дата составления 20150617
Источник данных rusmarc
801 #2 - ИСТОЧНИК ЗАПИСИ
Страна российская федерация
Организация NLR
Дата составления 20190630
852 ## - МЕСТОНАХОЖДЕНИЕ И ШИФР ХРАНЕНИЯ
Идентификатор организации NLR
Наименование фонда или коллекции (Sub-Location Identifier) М
Шифр хранения (Call Number) К-3/27263
Страна
Номер экземпляра 1
852 ## - МЕСТОНАХОЖДЕНИЕ И ШИФР ХРАНЕНИЯ
Идентификатор организации NLR
Наименование фонда или коллекции (Sub-Location Identifier) М
Шифр хранения (Call Number) К-3/27263а
Страна
Номер экземпляра 2
942 ## - ДОПОЛНИТЕЛЬНЫЕ ЭЛЕМЕНТЫ ЗАПИСИ (АБИС)
Тип экземпляра АБИС Ноты
980 ## - КОЛЛЕКЦИЯ
Название коллекции Национальная библиография
980 ## - КОЛЛЕКЦИЯ
Название коллекции Отдел нот и звукозаписей
Экземпляры
Тип экземпляра Дата поступления Библиотека постоянного хранения Библиотека текущего хранения Место хранения Шифр хранения Статус не для выдачи
Ноты 17.06.2015 РНБ (Московский) РНБ (Московский) Фонд нот и звукозаписей К-3/27263 К-3/27263  
Ноты 17.06.2015 РНБ (Московский) РНБ (Московский) Фонд нот и звукозаписей К-3/27263а К-3/27263а